ბათუმის შოთა რუსთაველის სახელმწიფო უნივერსიტეტის ბიბლიოთეკა

გურჯისტანის ვილაიეთის დიდი დავთარი. წ. 2 : (ბიბ.ჩანაწერი № 56159)

000 -ლიდერი
ფიქსირებული სიგრძის საკონტროლო ველი 02319nam a2200277Ia 4500
001 - საკონტროლო ნომერი
საკონტროლო ველი 23260
003 - საკონტროლო ნომრის იდენტიფიკატორი
საკონტროლო ველი GE_BSU
005 - ბოლო ოპერაციის თარიღი და დრო
საკონტროლო ველი 20241011163209.0
008 - ფიქსირებული სიგრძის მონაცემთა ელემენტები - ზოგადი ინფორმაცია
ფიქსირებული სიგრძის საკონტროლო ველი 181216s1941||||ge |||||||||||||| ||geo||
040 ## - კატალოგიზაციის წყარო
Transcribing agency GE_BSU
041 ## - ენის კოდი
Language code of text/sound track or separate title geo
080 ## - უნივერსალური ათობითი კლასიფიკაციის ინდექსი
Universal Decimal Classification number 091(=512.161) + 930.2:003.074(=512.161) + 94(479.22)(093უცხ.) + 811.353.1'373.21(560) გ-97
245 ## - ცნობა სათაურის შესახებ
Title გურჯისტანის ვილაიეთის დიდი დავთარი. წ. 2 :
Remainder of title თარგმანი /
Statement of responsibility, etc თურქული ტექსტი გამოსცა, თარგმანი, გამოკვლევა, კომენტარები და წინასიტყვაობა ქართულ რუსულ ენებზე დაურთო სერგი ჯიქიამ; საქართველოს სსრ. მეცნიერებათა აკადემია, ნ. მარის სახ. ენის, ისტორიისა და მატერიალური კულტურის ინსტიტუტი.
264 ## - წარმოების, გამოცემის, დისტრიბუციის და სხვა ცნობები
გამოცემის, წარმოების, დისტრიბუციის... ადგილი თბილისი :
გამოცემის, წარმოების, დისტრიბუციის... სახელწოდება საქ. სსრ მეცნ. აკად. გამ-ბა,
გამოცემის, წარმოების, დისტრიბუციის... თარიღი 1941.
300 ## - ფიზიკური აღწერა
Extent 504 გვ. ;
Other physical details 25 სმ.
500 ## - ზოგადი შენიშვნა
General note დამატებითი თავფურცელი რუსულ, თურქულ ენებზე.
520 ## - SUMMARY, ETC.
Summary, etc დამატებითი თავფურცელი რუსულ, თურქულ ენებზე.
653 ## - INDEX TERM--UNCONTROLLED
Uncontrolled term თურქული ისტორიული საბუთები;
653 ## - INDEX TERM--UNCONTROLLED
Uncontrolled term თურქული ხელნაწერები;
653 ## - INDEX TERM--UNCONTROLLED
Uncontrolled term საქართველოს ისტორიის უცხოური წყაროები;
653 ## - INDEX TERM--UNCONTROLLED
Uncontrolled term ქართული ტოპონიმიკა თურქეთში
700 ## - ADDED ENTRY--PERSONAL NAME
Personal name ჯიქია, სერგი,
Relator term შემდგენელი
9 (RLIN) 3544
710 ## - ADDED ENTRY--CORPORATE NAME
Corporate name or jurisdiction name as entry element საქართველოს სსრ. მეცნიერებათა აკადემია. ნ. მარის სახ. ენის, ისტორიისა და მატერიალური კულტურის ინსტიტუტი.
9 (RLIN) 23391
942 ## - ADDED ENTRY ELEMENTS (KOHA)
Koha item type წიგნი
Source of classification or shelving scheme
ეგზემპლარები
ჩამოწერის სტატუსი დაკარგული ეგზემპლარის სტატუსი კლასიფიკაციის წყარო ან თაროზე გაწყობის სქემა დაზიანების სტატუსი არ გაიცემა მუდმივი მდებარეობა (დაცვის ადგილი) ამჟამინდელი ადგილსამყოფელი თაროზე განთავსების ადგილი შეძენის თარიღი ღირებულება, შესყიდვის ნორმალური ფასი სრული შენახვის შიფრი შტრიხკოდი ბოლო ოპერაციის თარიღი ეგზემპლარის მიმდევრობითი ნომერი (კეტერი?) ფასის ძალაში შესვლის თარიღი ეგზემპლარის სახეობა საჯარო შენიშვნა
          ბათუმის შოთა რუსთაველის სახელმწიფო უნივერსიტეტის მთავარი ბიბლიოთეკა ბათუმის შოთა რუსთაველის სახელმწიფო უნივერსიტეტის მთავარი ბიბლიოთეკა წიგნსაცავი 2018-12-17 5.00 091(=512.161) + 930.2:003.074(=512.161) + 94(479.22)(093უცხ.) + 811.353.1'373.21(560) გ-97 28270 2018-12-17 28270 2018-12-17 წიგნი 5 ლ.